Sao khuya đáy suối : Thơ

Enregistré dans:
Détails bibliographiques
Auteur principal: Nguyễn, Long
Format: Livre
Langue:Undetermined
Publié: Hà Nội Sân khấu 2020
Sujets:
Tags: Ajouter un tag
Pas de tags, Soyez le premier à ajouter un tag!
Thư viện lưu trữ: Trung tâm Học liệu Trường Đại học Cần Thơ
LEADER 00521nam a2200193Ia 4500
001 CTU_239776
008 210402s9999 xx 000 0 und d
082 |a 895.9221008 
082 |b L431 
100 |a Nguyễn, Long 
245 0 |a Sao khuya đáy suối : 
245 0 |b Thơ 
245 0 |c Nguyễn Long 
260 |a Hà Nội 
260 |b Sân khấu 
260 |c 2020 
650 |a Thơ Việt Nam,Vietnamese poetry 
910 |b nthai 
980 |a Trung tâm Học liệu Trường Đại học Cần Thơ